000 00565nam a2200229Ia 4500
003 OSt
005 20220924134649.0
006 a|||||r|||| 00| 0
007 ta
008 220923b |||||||| |||| 00| 0 urd d
024 _a284834
037 _cTextual
040 _aARTS
_cARTS
_burd
041 _2urd
_aurd
082 _aO168m2,N87, N87.1
100 _aMhd. Galib
_9208976
245 0 _aShero hikmat
260 _c1987
650 _aURDU LITERATURE
942 _hO168m2,N87, N87.1
_cTEXL
_2CC
999 _c438202
_d438202